| 000 | 00591 a2200193 4500 | ||
|---|---|---|---|
| 999 |
_c183002 _d183002 |
||
| 005 | 20211216105253.0 | ||
| 010 | _aENG-130303 | ||
| 020 |
_c750.00 _a978-93-90627-17-2 |
||
| 035 | _aEN-113835 | ||
| 037 | _bDBAD / PUB | ||
| 082 |
_a371.007 _b1 |
||
| 100 | _aN, Nandini | ||
| 245 |
_aSpecial Education: _cNandini N, Haseen Taj |
||
| 260 |
_bKrishna Publication House _c2021 _aGujarat |
||
| 270 |
_aNo.303, Yashkunj Apartment, Devbaug, Anantwadi _bBhavnagar _e364002 |
||
| 300 |
_avi, 166p. _c21cm (pbk) |
||
| 700 | _aTaj, Haseen | ||
| 942 |
_adpl _cEN _2ddc _h371.007 _mNNA |
||